All Professional Soccer Clubs in Australia - Statistics

General Stats
  • This quiz has been taken 27 times
  • The average score is 10 of 14
Answer Stats
Answer % Correct
Sydney FC
92%
Melbourne City
83%
Melbourne Victory
83%
Auckland FC
79%
Perth Glory
79%
Wellington Phoenix
75%
Brisbane Roar
71%
Newcastle Jets
71%
Western Sydney Wanderers
67%
Adelaide United
63%
Central Coast Mariners
63%
Macarthur FC
58%
Western United
58%
Canberra United
54%
No matching quizzes found
Score Distribution
Percent of People with Each Score
Percentile by Number Answered
Your Score History
You have not taken this quiz